All Grunt Lego Game Levels - Statistics

General Stats
  • This quiz has been taken 42 times
    40 since last reset
  • The average score is 109 of 237
Answer Stats
Level ID Lego Star Wars: The Video Game % Correct
1-6 Darth Maul
82%
1-1 Negotiations
82%
3-6 Darth Vader
77%
4-5 Death Star Escape
77%
3-3 General Grievous
77%
5-4 Dagobah
73%
6-1 Jabba's Palace
73%
3-1 Battle Over Coruscant
68%
2-5 | 2-6 Count Dooku
68%
5-1 Hoth Battle
68%
1-5 Retake Theed Palace
68%
5-6 Betrayal Over Bespin
64%
5-5 Cloud City Trap
64%
1-3 Escape from Naboo
64%
5-3 Falcon Flight
64%
2-4 | 2-5 Gunship Cavalry
64%
6-6 Into the Death Star
64%
2-3 | 2-4 Jedi Battle
64%
6-5 Jedi Destiny
64%
1-4 Mos Espa Podrace
64%
4-6 Rebel Attack
64%
4-4 Rescue the Princess
64%
4-1 Secret Plans
64%
6-3 Speeder Showdown
64%
6-2 The Great Pit of Carkoon
64%
4-2 Through the Jundland Wastes
64%
2-1 Bounty Hunter Pursuit
59%
3-2 Chancellor in Peril
59%
2-1 | 2-2 Discovery on Kamino
59%
2-2 | 2-3 Droid Factory
59%
5-2 Escape from Echo Base
59%
1-2 Invasion of Naboo
59%
4-3 Mos Eisley Spaceport
59%
3-5 Ruin of the Jedi
59%
6-4 The Battle of Endor
59%
1-1 You Can Bank On Batman
59%
3-4 Defense of Kashyyyk
50%
7-6 DOBBY!
50%
2-2 Dobby's Plan
50%
1-5 Isla de Muerta
50%
Dooku-3 Jedi Crash
50%
1-5 The Forbidden Forest
50%
1-1 The Magic Begins
50%
1-4 The Restricted Section
50%
3-4 The Shrieking Shack
50%
2-4 Tom Riddle's Diary
50%
1-3 Two-Face Chase
50%
Dooku-5 Weapons Factory
50%
1-3 A Jinxed Broom
45%
1-2 An Icy Reception
45%
2-6 Battle on the Bridge
45%
2-3 Crabbe and Goyle
45%
Grievous-3 Destroy Malevolence
45%
4-2 Dragons
45%
Grievous-1 Duel of the Droids
45%
5-2 Dumbledore's Army
45%
2-1 Floo Powder
45%
2-5 Follow the Spiders
45%
Dooku-2 Gungan General
45%
3-2 Hogsmeade
45%
1-2 Into the Mountains
45%
Ventress-6 Liberty on Ryloth
45%
1-6 Opening the Ark
45%
1-1 Port Royal
45%
Grievous-5 Rookies
45%
2-1 Shanghai Showdown
45%
3-1 Singapore
45%
4-5 The Black Lake
45%
4-3 The First Task
45%
4-5 The Fountain of Youth
45%
Ventress-1 The Hidden Enemy
45%
3-1 The Hunt for Sir Richard
45%
1-1 The Lost Temple
45%
2-1 There She Goes Again
45%
Epilogue The Zillo Beast
45%
1-2 Tortuga
45%
5-5 A Giant Virtuoso
41%
Ventress-2 Ambush
41%
6-3 A Not So Merry Christmas
41%
2-5 Arctic World
41%
8-2 Back to School
41%
2-2 Batboat Battle
41%
Dooku-1 Battle of Geonosis
41%
CSI-5 Crain Trane
41%
3-2 Davy Jones' Locker
41%
3-5 Dementor's Kiss
41%
2-5 Escape the Mines
41%
1-6 Face of the Enemy
41%
5-3 Focus
41%
2-4 Free the Slaves
41%
Grievous-6 Grievous Intrigue
41%
7-3 In Grave Danger
41%
2-4 Isla Cruces
41%
3-1 Joker's Home Turf
41%
Grievous-4 Lair of Grievous
41%
Dooku-6 Legacy of Terror
41%
3-2 Little Fun at the Big Top
41%
4-1 London Town
41%
6-4 Love Hurts
41%
3-3 Motorcycle Escape
41%
1-2 Out of the Dungeon
41%
2-1 Pelegosto
41%
2-5 Penguin's Lair
41%
4-4 Secret of the Egg
41%
8-5 Snape's Tears
41%
Ventress-4 Storm Over Ryloth
41%
2-6 The Basilisk
41%
3-4 The Brethren Court
41%
4-6 The Dark Lord Returns
41%
3-6 The Dark Tower
41%
8-6 The Flaw in the Plan
41%
2-5 The Kraken
41%
3-5 The Maelstrom
41%
4-1 The Quidditch World Cup
41%
2-3 The Temple of Kali
41%
3-5 To the Top of the Tower
41%
4-3 White Cap Bay
41%
RLA-4 After the Ark
36%
1-4 A Poisonous Appointment
36%
4-4 A Spanish Legacy
36%
2-2 A Touch of Destiny
36%
5-6 A Veiled Threat
36%
Ventress-3 Blue Shadow Virus
36%
8-3 Burning Bridges
36%
3-2 Castle Rescue
36%
1-3 City of Danger
36%
5-1 Dark Times
36%
Dooku-4 Defenders of Peace
36%
CSI-2 Doom Town
36%
6-5 Felix Felicis
36%
8-4 Fiendfyre Frenzy
36%
Prologue Geonosian Arena
36%
1-3 Green Fingers
36%
CSI-1 Hangar Havoc
36%
6-6 Horcrux and the Hand
36%
Ventress-5 Innocence of Ryloth
36%
6-2 Just Desserts
36%
5-4 Kreacher Discomforts
36%
7-2 Magic is Might
36%
3-3 Mischief Managed
36%
3-1 News From Azkaban
36%
3-3 Norrington's Choice
36%
6-1 Out of Retirement
36%
1-5 Pursuing the Ark
36%
4-2 Queen Anne's Revenge
36%
1-4 Smuggler's Den
36%
7-4 Sword and Locket
36%
3-6 Temple of the Grail
36%
1-3 The Black Pearl Attacks
36%
2-3 The Dutchman's Secret
36%
3-3 The Joker's Masterpiece
36%
1-4 The Well of Souls
36%
3-4 Trouble in the Sky
36%
2-4 Zoos Company
36%
2-4 A Daring Rescue
32%
1-4 An Enterprising Theft
32%
3-1 A Surprise for the Commissioner
32%
RLA-5 Belloq Battle
32%
LC-3 Berlin Brawl
32%
1-5 Breaking Blocks
32%
LC-2 Brunwald Blaze
32%
CSI-3 Cafe Chaos
32%
LC-4 Cannon Canyon
32%
3-5 Desert Ambush
32%
3-3 Flight of the Bat
32%
2-3 Harboring a Grudge
32%
3-4 In the Dark Night
32%
TOD-1 Lao Chase
32%
CSII-3 Mac Attack
32%
TOD-3 Malice at the Palace
32%
RLA-2 Market Mayhem
32%
TOD-5 Mola Rampage
32%
TOD-2 Monkey Mischief
32%
1-2 On the Rocks
32%
2-2 Pankot Secrets
32%
Grievous-2 Shadow of Malevolence
32%
2-2 Stealing the Show
32%
1-5 The Face Off
32%
3-4 The Lure of the Night
32%
7-1 The Seven Harrys
32%
8-1 The Thief's Downfall
32%
CSII-2 Tomb Doom
32%
2-3 Under the City
32%
CSIII-5 Akator Ambush
27%
3-2 Biplane Blast
27%
LC-1 Coronado Caper
27%
CSII-5 Dovchenko Duel
27%
3-5 Dying of Laughter
27%
RLA-3 Map Room Mystery
27%
CSI-4 Motorbike Mayhem
27%
CSII-1 Peru Cell Perusal
27%
CSII-4 Rainforest Rumble
27%
RLA-1 Raven Rescue
27%
CSIII-1 Repair Scare
27%
2-1 Rockin' the Docks
27%
7-5 Lovegood Lunacy
23%
CSIII-2 River Ruckus
23%
CSIII-3 Temple Tangle
23%
TOD-4 Temple Tantrum
23%
1-1 The Riddler Makes a Withdrawl
23%
CSIII-4 Ugha Struggle
23%
LC-5 Trial & Terror
14%
No matching quizzes found
Score Distribution
Percent of People with Each Score
Percentile by Number Answered
Your Score History
You have not taken this quiz since the last reset